Waterflooding / (Record no. 26015)
[ view plain ]
| 000 -LEADER | |
|---|---|
| fixed length control field | 00623cam a22002055a 4500 |
| 001 - CONTROL NUMBER | |
| control field | ssj0000780836 |
| 003 - CONTROL NUMBER IDENTIFIER | |
| control field | OSt |
| 005 - DATE AND TIME OF LATEST TRANSACTION | |
| control field | 20180128111129.0 |
| 008 - FIXED-LENGTH DATA ELEMENTS--GENERAL INFORMATION | |
| fixed length control field | 861021t1986 txua frb 00110 eng d |
| 020 ## - INTERNATIONAL STANDARD BOOK NUMBER | |
| International Standard Book Number | 1555630057 |
| 040 ## - CATALOGING SOURCE | |
| Modifying agency | WaSeSS |
| -- | EG-ScBUE |
| Language of cataloging | eng |
| 082 04 - DEWEY DECIMAL CLASSIFICATION NUMBER | |
| Classification number | 622.3382 |
| Edition number | 22 |
| Item number | WIL |
| 100 1# - MAIN ENTRY--PERSONAL NAME | |
| Personal name | Willhite, G. Paul. |
| 245 10 - TITLE STATEMENT | |
| Title | Waterflooding / |
| Statement of responsibility, etc | G. Paul Willhite. |
| 260 0# - PUBLICATION, DISTRIBUTION, ETC. (IMPRINT) | |
| Place of publication, distribution, etc | Richardson : |
| Name of publisher, distributor, etc | Society of Petroleum Engineers, |
| Date of publication, distribution, etc | c.1986. |
| 300 ## - PHYSICAL DESCRIPTION | |
| Extent | vii, 326 p. : |
| Other physical details | ill. ; |
| Dimensions | 29 cm. |
| 504 ## - BIBLIOGRAPHY, ETC. NOTE | |
| Bibliography, etc | Includes bibliographical references and indexes. |
| 650 #7 - SUBJECT ADDED ENTRY--TOPICAL TERM | |
| Topical term or geographic name as entry element | Oil field flooding. |
| Source of heading or term | BUEsh |
| 653 ## - INDEX TERM--UNCONTROLLED | |
| Resource For college | Generalities |
| Arrived date list | January2018 |
| Withdrawn status | Item status | Source of classification or shelving scheme | Damaged status | Not for loan | Home library | Current library | Shelving location | Date acquired | Total Checkouts | Full call number | Barcode | Date last seen | Koha item type |
|---|---|---|---|---|---|---|---|---|---|---|---|---|---|
| Dewey Decimal Classification | Central Library | Central Library | First floor | 28/01/2018 | 622.3382 WIL | 000047177 | 15/07/2025 | Book - Borrowing |